Principles of economics macro. (Record no. 1386)

MARC details
000 -LEADER
fixed length control field 00504cam a2200193ua 4500
008 - FIXED-LENGTH DATA ELEMENTS--GENERAL INFORMATION
fixed length control field 110711n ii |||gr||||Z||||||eng
020 ## - INTERNATIONAL STANDARD BOOK NUMBER
International Standard Book Number 81-85274-04-5
040 ## - CATALOGING SOURCE
Transcribing agency MAIN
082 ## - DEWEY DECIMAL CLASSIFICATION NUMBER
Classification number 339.01
100 1# - MAIN ENTRY--PERSONAL NAME
Personal name Peterson, Willis L.,
245 1# - TITLE STATEMENT
Title Principles of economics macro.
Statement of responsibility, etc. By Willis L Peterson.
250 ## - EDITION STATEMENT
Edition statement 6th.
260 ## - PUBLICATION, DISTRIBUTION, ETC.
Place of publication, distribution, etc. [s.l]:
Name of publisher, distributor, etc. Universal book stall.,988.
300 ## - PHYSICAL DESCRIPTION
Extent xii, 363 p.:
Dimensions 25 cm.
942 ## - ADDED ENTRY ELEMENTS (KOHA)
Koha item type Books
653 ## - INDEX TERM--UNCONTROLLED
Uncontrolled term Economics.
653 ## - INDEX TERM--UNCONTROLLED
Uncontrolled term Principles of economics. macro
Holdings
Withdrawn status Lost status Damaged status Not for loan Home library Current library Shelving location Date acquired Total Checkouts Full call number Barcode Date last seen Copy number Price effective from Koha item type
        Central Library, Naharkatiya College Central Library, Naharkatiya College General Stacks 19/09/2020   339.01 | PET 2249 19/09/2020 1 19/09/2020 Books

Naharkatiya College © 2020. All rights reserved.

Powered By